000 00368 a2200169 4500
001 69251
020 _a8508095074
040 _cAnchieta - Itaigara
100 _aChild, Lauren
240 1 0 _aClarice Bean sou eu
_lpor
245 1 0 _aClarice Bean sou eu
300 _a31
362 0 _a2005
440 1 _aÁtica
650 4 _aLiteratura infanto-juvenil
942 _cBK
999 _c69251
_d69251